|
|
|
|
| LEADER |
01738nam a2200313 a 4500 |
| 001 |
17806 |
| 003 |
BD-DhAAL |
| 008 |
090825r20081991 nyua b 001 0 eng d |
| 010 |
|
|
|a 90013013
|
| 020 |
|
|
|a 9788126518111
|
| 040 |
|
|
|a DLC
|c DLC
|d DLC
|d BD-DhAAL
|
| 082 |
0 |
0 |
|a 512.7
|2 20
|
| 100 |
1 |
|
|a Niven, Ivan Morton,
|d 1915-
|9 57707
|
| 245 |
1 |
3 |
|a An introduction to the theory of numbers /
|c Ivan Niven, Herbert S. Zuckerman, Hugh L. Montgomery.
|
| 250 |
|
|
|a Fifth edition.
|
| 260 |
|
|
|a New York;
|a New Delhi :
|b Wiley,
|c c1991 [reprinted 2008].
|
| 300 |
|
|
|a xiii, 529 p. :
|b ill. ;
|c 25 cm
|
| 504 |
|
|
|a Includes bibliographical references (pages 500-502) and index.
|
| 526 |
|
|
|a MNS
|x Fardousi Ara Begum
Faculty Member of BRAC University
Course Name: Theory of Numbers (MAT 422)
|
| 541 |
1 |
|
|e 17806, 17807
|a Paragon Enterprises LTD
|
| 650 |
|
0 |
|a Number theory.
|
| 650 |
|
0 |
|a Mathematics.
|
| 700 |
1 |
|
|a Zuckerman, Herbert S.
|9 57708
|
| 700 |
1 |
|
|a Montgomery, Hugh L.
|9 57709
|
| 852 |
4 |
|
|a Ayesha Abed Library
|c General Stacks
|
| 942 |
|
|
|2 ddc
|c BK
|
| 999 |
|
|
|c 3744
|d 3744
|
| 952 |
|
|
|0 0
|1 0
|2 ddc
|4 0
|6 512_700000000000000_NIV_2008
|7 0
|9 3397
|a BRACUL
|b BRACUL
|c GEN
|d 2009-09-03
|e Paragon Enterprises LTD
|g 514.00
|l 4
|m 31
|o 512.7 NIV
|p 3010017806
|q 2026-06-02
|r 2026-05-15
|s 2026-05-15
|t 1
|w 2009-09-03
|y BK
|x Requisitioned by Ferdousi Ara Begum (Faculty Member of BRAC University) for the course named- "Theory of Numbers (MAT 422)".
|
| 952 |
|
|
|0 0
|1 0
|2 ddc
|4 0
|6 512_700000000000000_NIV_2008
|7 0
|9 9600
|a BRACUL
|b BRACUL
|c GEN
|d 2010-05-02
|e Paragon Enterprises LTD
|g 514.00
|l 8
|m 57
|o 512.7 NIV
|p 3010017807
|r 2025-09-23
|s 2025-05-04
|t 2
|w 2010-05-02
|y BK
|x Requisitioned by Ferdousi Ara Begum (Faculty Member of BRAC University) for the course named- "Theory of Numbers (MAT 422)".
|